[Event "78.Santo Camp. Veneto Quarti di Finale"]
[Site "Padova ITA"]
[Date "2019.02.17"]
[Round "5.6"]
[White "Ridolfo, Enrico"]
[Black "Giuriati, Paolo"]
[Result "0-1"]
[WhiteElo "2055"]
[BlackElo "2055"]
[Annotator "Gabriele Ballarin"]
[PlyCount "62"]
[EventDate "2019.02.15"]
[EventType "swiss"]
[EventRounds "5"]
[EventCountry "ITA"]

1. e4 e6 2. Nf3 d5 3. Nc3 dxe4 4. Nxe4 Bd7 5. d4 Bc6 6. Ng3 Nd7 7. Bd3 Ngf6 8. O-O g6 9. Re1 Bxf3 10. Qxf3 c6 11. c3 Bg7 12. h4 O-O 13. h5 Qb6 14. hxg6 hxg6 15. Ne4 Nxe4 16. Rxe4 c5 17. dxc5 Nxc5 18. Rb4 Qd6 19. Bc2 b6 20. Bg5 e5 21. Rd1 Qe6 22. Rh4 Qxa2 23. Rd6 e4 24. Qg3 Qxb2 25. Bf6 Qc1+ 26. Kh2 Rae8 27. Bxg7 Kxg7 28. Bd1 Rh8 29. Bh5 Rh6 30. f4 exf3 31. Qg4 Re4 0-1

[Event "78.Santo Camp. Veneto Quarti di Finale"]
[Site "Padova ITA"]
[Date "2019.02.17"]
[Round "5.7"]
[White "Calavalle, Giulio"]
[Black "Bernardini, Tommaso"]
[Result "1/2-1/2"]
[WhiteElo "2274"]
[BlackElo "2036"]
[Annotator "Gabriele Ballarin"]
[PlyCount "120"]
[EventDate "2019.02.15"]
[EventType "swiss"]
[EventRounds "5"]
[EventCountry "ITA"]

1. e4 e6 2. d4 d5 3. Nc3 Nf6 4. Bg5 Bb4 5. e5 h6 6. exf6 hxg5 7. fxg7 Rg8 8. h4 gxh4 9. Qg4 Qf6 10. O-O-O Bd7 11. Qxh4 Qxg7 12. g3 Be7 13. Qh7 Qf8 14. Bb5 Bxb5 15. Nxb5 Na6 16. Ne2 c6 17. Nbc3 O-O-O 18. Kb1 Rh8 19. Qd3 Qg7 20. Qf3 Qf6 21. Qe3 Bd6 22. f4 Rxh1 23. Rxh1 Rh8 24. Qf3 Rh6 25. Nd1 Qh8 26. Rf1 Nc7 27. Ne3 Ne8 28. Ng4 Rh5 29. Ne5 Qh7 30. a3 Nf6 31. Nc3 Rh2 32. Rf2 Rxf2 33. Qxf2 Bxe5 34. dxe5 Qh1+ 35. Ka2 Ne4 36. Qxa7 Nxc3+ 37. bxc3 Qg2 38. Qa8+ Kc7 39. Qa5+ Kc8 40. Kb2 Qxg3 41. Qb4 Qg6 42. Qd6 Qf5 43. Qb4 Kb8 44. Kb3 Ka7 45. Qa4+ Kb8 46. Qb4 Ka7 47. a4 Qe4 48. Qc5+ Ka8 49. Qf8+ Ka7 50. Qxf7 Qc4+ 51. Kb2 Qxa4 52. Qf8 Qb5+ 53. Qb4 Qxb4+ 54. cxb4 Kb8 55. Kc3 Kc7 56. Kd4 b6 57. c4 dxc4 58. Kxc4 Kd7 59. Kd4 Ke7 60. Ke4 Kd7 1/2-1/2

[Event "78.Santo Camp. Veneto Quarti di Finale"]
[Site "Padova ITA"]
[Date "2019.02.17"]
[Round "5.8"]
[White "Loiacono, Antonio"]
[Black "Raccanello, Marianna"]
[Result "1-0"]
[WhiteElo "2168"]
[BlackElo "2029"]
[Annotator "Gabriele Ballarin"]
[PlyCount "91"]
[EventDate "2019.02.15"]
[EventType "swiss"]
[EventRounds "5"]
[EventCountry "ITA"]

1. Nf3 c5 2. b3 Nc6 3. Bb2 d5 4. g3 Nf6 5. Bg2 d4 6. O-O e5 7. d3 Bd6 8. e4 O-O 9. Nbd2 Rb8 10. h3 b5 11. Bc1 Ne8 12. Qe2 Be6 13. Kh2 Be7 14. Ne1 Nd6 15. f4 f6 16. f5 Bf7 17. g4 c4 18. Ndf3 Qa5 19. Bd2 Qa3 20. Bc1 Qa5 21. Bd2 Qa3 22. Qd1 cxd3 23. cxd3 Nb4 24. Bc1 Qa6 25. a3 Rfc8 26. Bd2 Nc6 27. b4 Qb6 28. Qb1 a5 29. Nc2 Ne8 30. g5 axb4 31. axb4 Ra8 32. Rxa8 Rxa8 33. Rg1 Qc7 34. gxf6 Nxf6 35. Ng5 Qd6 36. Nxf7 Kxf7 37. Qb3+ Kf8 38. Bf3 Bd8 39. Na3 Rb8 40. Rc1 Be7 41. Rc5 Qc7 42. Rxb5 Rxb5 43. Nxb5 Qb8 44. Qc4 Qb7 45. Bd1 Qa6 46. Bb3 1-0

[Event "78.Santo Camp. Veneto Quarti di Finale"]
[Site "Padova ITA"]
[Date "2019.02.17"]
[Round "5.9"]
[White "Bergamasco, Tommaso"]
[Black "Scarpa, Silvia"]
[Result "1-0"]
[WhiteElo "2162"]
[BlackElo "2024"]
[Annotator "Gabriele Ballarin"]
[PlyCount "143"]
[EventDate "2019.02.15"]
[EventType "swiss"]
[EventRounds "5"]
[EventCountry "ITA"]

1. e4 c5 2. b4 cxb4 3. a3 bxa3 4. Nxa3 d6 5. Bc4 e6 6. d4 d5 7. exd5 exd5 8. Bd3 Bb4+ 9. Bd2 Bxd2+ 10. Qxd2 Bd7 11. Ne2 Nf6 12. O-O O-O 13. Rfb1 Bc6 14. Ng3 Re8 15. f3 b6 16. c3 Nbd7 17. Nb5 Bxb5 18. Bxb5 Qc7 19. Rc1 Rac8 20. c4 dxc4 21. Rxc4 Qb8 22. Nf5 h6 23. Rxc8 Qxc8 24. Nd6 Qc7 25. Nxe8 Nxe8 26. Rc1 Qd8 27. Qf4 Ndf6 28. Qe5 Nd6 29. Ba6 b5 30. Bxb5 Nxb5 31. Qxb5 Qxd4+ 32. Kh1 h5 33. Qb8+ Kh7 34. Qb1+ g6 35. Qa1 Qb6 36. Rb1 Qc6 37. Qxa7 Kg7 38. Qd4 Qc2 39. Rf1 Qc6 40. Kg1 Qe6 41. h3 Kh7 42. Rb1 Qe7 43. Kf1 Ng8 44. Ra1 Qc7 45. Ra7 Qc1+ 46. Kf2 Qc2+ 47. Kg1 Qb1+ 48. Kh2 Qb8+ 49. f4 Nh6 50. Rd7 Qb3 51. Rd8 Ng8 52. Qd5 Qxd5 53. Rxd5 Nh6 54. g3 Kg7 55. Kg2 Ng8 56. Kf3 Nf6 57. Ra5 Ne8 58. g4 hxg4+ 59. hxg4 Nd6 60. Ra6 Ne8 61. Rc6 Nf6 62. g5 Ng8 63. Rc7 Kf8 64. Ke4 Ne7 65. Ke5 Ng8 66. Rc8+ Kg7 67. Re8 Kh7 68. Kd6 Kg7 69. Kd7 f6 70. Ke6 fxg5 71. fxg5 Kh8 72. Kf7 1-0

[Event "78.Santo Camp. Veneto Quarti di Finale"]
[Site "Padova ITA"]
[Date "2019.02.17"]
[Round "5.10"]
[White "Vianello, Enrico"]
[Black "Quaranta, Cristiano"]
[Result "1/2-1/2"]
[WhiteElo "2097"]
[BlackElo "2149"]
[Annotator "Gabriele Ballarin"]
[PlyCount "48"]
[EventDate "2019.02.15"]
[EventType "swiss"]
[EventRounds "5"]
[EventCountry "ITA"]

1. Nf3 d5 2. d4 e6 3. c4 a6 4. g3 dxc4 5. Bg2 b5 6. O-O Bb7 7. a4 Nd7 8. b3 cxb3 9. Qxb3 Bd5 10. Qc2 b4 11. Nbd2 Ngf6 12. Bb2 Be7 13. e4 Bb7 14. Rfe1 O-O 15. Nb3 c5 16. e5 Nd5 17. dxc5 Rc8 18. Bd4 Qc7 19. Rac1 Nc3 20. Bxc3 bxc3 21. Qxc3 Bxc5 22. Nxc5 Qxc5 23. Qb2 Qa7 24. Red1 Rxc1 {=} 1/2-1/2

[Event "78.Santo Camp. Veneto Quarti di Finale"]
[Site "Padova ITA"]
[Date "2019.02.17"]
[Round "5.11"]
[White "Tripodi, Enzo"]
[Black "Negro, Roberto"]
[Result "0-1"]
[WhiteElo "2002"]
[BlackElo "2141"]
[Annotator "Gabriele Ballarin"]
[PlyCount "66"]
[EventDate "2019.02.15"]
[EventType "swiss"]
[EventRounds "5"]
[EventCountry "ITA"]

1. e4 g6 2. d4 d6 3. g3 Bg7 4. Bg2 Nf6 5. Nc3 O-O 6. Nge2 Nbd7 7. O-O e5 8. h3 exd4 9. Nxd4 Re8 10. g4 Nc5 11. Re1 h5 12. Bg5 hxg4 13. hxg4 Bxg4 14. Qd2 Qd7 15. f3 Nh7 16. Bh6 Bh5 17. Kh2 Qe7 18. Bxg7 Kxg7 19. Rg1 Kh8 20. Bh3 Qe5+ 21. Rg3 Ne6 22. Nxe6 fxe6 23. f4 Qf6 24. Rf1 Rg8 25. Qd3 Rg7 26. Qc4 Re8 27. Qa4 g5 28. e5 Qh6 29. fxg5 Rxg5 30. Ne4 Rxe5 31. Qd4 Rg8 32. Rf2 Rxg3 33. Nxg3 Bg6 {Nur} 0-1

[Event "78.Santo Camp. Veneto Quarti di Finale"]
[Site "Padova ITA"]
[Date "2019.02.17"]
[Round "5.12"]
[White "Gallana, Marco"]
[Black "Pacini, Ermanno"]
[Result "0-1"]
[WhiteElo "2267"]
[BlackElo "2060"]
[Annotator "Gabriele Ballarin"]
[PlyCount "124"]
[EventDate "2019.02.15"]
[EventType "swiss"]
[EventRounds "5"]
[EventCountry "ITA"]

1. d4 Nf6 2. Nf3 g6 3. c4 Bg7 4. g3 O-O 5. Bg2 d6 6. Nc3 Nc6 7. Bf4 Bf5 8. Rc1 Ne4 9. Nxe4 Bxe4 10. d5 Nd4 11. O-O Bxf3 12. exf3 c5 13. dxc6 bxc6 14. b4 a5 15. Be3 Qb6 16. b5 c5 17. Re1 Ra7 18. a4 e6 19. f4 Re7 20. Qd3 Kh8 21. Bd2 Kg8 22. Rb1 Rfe8 23. Bc3 Ra7 24. Qd2 Ree7 {=} 25. g4 Kh8 26. Re3 f5 27. Rbe1 e5 28. gxf5 Nxf5 29. Rh3 Nd4 30. Qd3 d5 31. Bxd5 exf4 32. Qd2 Rxe1+ 33. Qxe1 Qd8 34. Bxd4 Bxd4 35. Qe6 Re7 36. Qc6 Re1+ 37. Kg2 Qg5+ 38. Kf3 h5 39. Qc8+ Kh7 40. Qg8+ Kh6 41. Qf8+ Kh7 42. Bg8+ Kh8 43. Bd5+ Kh7 44. Qxf4 Qg1 45. Qf7+ Kh6 46. Qf4+ Kh7 47. Qf7+ Kh6 48. Qf8+ Bg7 49. Qf4+ Kh7 50. Qg3 Qf1 51. Be4 Qe2+ 52. Kg2 Qf1+ 53. Kf3 Qe2+ 54. Kg2 Qxe4+ 55. Qf3 Qxc4 56. b6 Qf1+ 57. Kg3 Be5+ 58. Kh4 Qc4+ 59. Kg5 Rg1+ 60. Rg3 Qc1+ 61. Kh4 Bxg3+ 62. fxg3 Qc4+ 0-1

[Event "78.Santo Camp. Veneto Quarti di Finale"]
[Site "Padova ITA"]
[Date "2019.02.17"]
[Round "5.13"]
[White "Rossi, Carlo"]
[Black "Grattarola, Fabioi"]
[Result "1-0"]
[WhiteElo "2256"]
[BlackElo "2004"]
[Annotator "Gabriele Ballarin"]
[PlyCount "87"]
[EventDate "2019.02.15"]
[EventType "swiss"]
[EventRounds "5"]
[EventCountry "ITA"]

1. e4 d5 2. Nc3 dxe4 3. Nxe4 Nf6 4. Nxf6+ exf6 5. d4 c6 6. Bc4 Be6 7. Bxe6 fxe6 8. Qg4 Qd7 9. Nf3 Bd6 10. O-O O-O 11. Re1 Re8 12. Bd2 Na6 13. Re2 Re7 14. Rae1 Rae8 15. a3 Nc7 16. c4 f5 17. Qh4 c5 18. Bg5 Rf7 19. dxc5 Be7 20. Ne5 Bxg5 21. Qxg5 Qe7 22. Nxf7 Qxf7 23. Rd2 h6 24. Qg3 Re7 25. Qe5 Kh7 26. Rd6 Qh5 27. f3 Qh4 28. Rd4 Qg5 29. b4 Ne8 30. h4 Qg6 31. Rd8 Nf6 32. Red1 Qh5 33. R1d4 Qf7 34. a4 Nd7 35. Qd6 Nf6 36. c6 bxc6 37. Qxc6 e5 38. R4d6 e4 39. Qc8 g6 40. Rf8 Qg7 41. Rdxf6 e3 42. h5 Qxf6 43. Rxf6 e2 44. hxg6+ 1-0

[Event "78.Santo Camp. Veneto Quarti di Finale"]
[Site "Padova ITA"]
[Date "2019.02.17"]
[Round "5.14"]
[White "Malfagia, Andrea"]
[Black "Bellincampi, Stefano"]
[Result "1/2-1/2"]
[WhiteElo "2206"]
[BlackElo "2009"]
[Annotator "Gabriele Ballarin"]
[PlyCount "106"]
[EventDate "2019.02.15"]
[EventType "swiss"]
[EventRounds "5"]
[EventCountry "ITA"]

1. d4 d5 2. c4 e6 3. Nc3 a6 4. cxd5 exd5 5. Nf3 Nf6 6. Bg5 Be6 7. e3 Nbd7 8. Bd3 Bd6 9. O-O O-O 10. Qc2 h6 11. Bf4 Qe7 12. h3 Rac8 13. Rac1 c5 14. Bxd6 Qxd6 15. dxc5 Nxc5 16. Rfd1 Rfd8 17. Qb1 Qe7 18. Bc2 b5 19. Rd4 Ncd7 20. Rcd1 Nb6 21. Bd3 Nc4 22. Ne2 Na5 23. Bf5 Nc6 24. R4d2 Bxf5 25. Qxf5 Qe4 26. Ng3 Qe6 27. Rc2 Ne7 28. Qd3 Rxc2 29. Qxc2 Rc8 30. Qb3 Qc6 31. Nd4 Qc5 32. Nge2 Qb6 33. Nf4 Qc5 34. Nd3 Qd6 35. a4 Rb8 36. axb5 axb5 37. Rc1 Ne4 38. Qb4 Qd7 39. Qa5 Nd6 40. Ne5 Qd8 41. Qb4 Ra8 42. Nxb5 Nxb5 43. Qxb5 Rb8 44. Qe2 Qb6 45. Nd3 Nc6 46. Qg4 Qb5 47. Nf4 Ne7 48. Rc7 Rb7 49. Rxb7 Qxb7 50. Nh5 Qxb2 51. Qd7 Qa1+ 52. Kh2 Qe5+ 53. Ng3 g6 1/2-1/2

[Event "78.Santo Camp. Veneto Quarti di Finale"]
[Site "Padova ITA"]
[Date "2019.02.17"]
[Round "5.15"]
[White "Carlo, Emanuele"]
[Black "Pasin, Mattia"]
[Result "1-0"]
[WhiteElo "2206"]
[BlackElo "1798"]
[Annotator "Gabriele Ballarin"]
[PlyCount "135"]
[EventDate "2019.02.15"]
[EventType "swiss"]
[EventRounds "5"]
[EventCountry "ITA"]

1. e4 c5 2. Nf3 Nc6 3. Bb5 d6 4. O-O Bd7 5. Re1 e6 6. c3 Nge7 7. d4 cxd4 8. cxd4 d5 9. Bxc6 Bxc6 10. e5 Nf5 11. Nc3 Be7 12. a3 O-O 13. Qd3 Rc8 14. Bd2 Qb6 15. g4 Nh4 16. Nxh4 Bxh4 17. b4 f6 18. exf6 Rxf6 19. Rf1 Rcf8 20. f4 R6f7 21. b5 Bd7 22. a4 e5 23. Nxd5 Qe6 24. dxe5 Qxg4+ 25. Kh1 Bf5 26. Qd4 Rd8 27. Bb4 Rfd7 28. Bd6 Qg6 29. Nc3 Be7 30. Rg1 Qe6 31. Rae1 Bxd6 32. exd6 Qxd6 33. Qxd6 Rxd6 34. Re7 g6 35. Rxb7 Rc8 36. Re1 Re6 37. Rxe6 Bxe6 38. Re7 Bb3 39. Re3 Rc4 40. a5 Rxf4 41. Re8+ Kg7 42. Ra8 Be6 43. Rxa7+ Kh6 44. Kg2 Bc4 45. Rc7 Bf1+ 46. Kg3 Rb4 47. Rc5 Rb3 48. Kf2 Bd3 49. b6 Ba6 50. Ke3 g5 51. Rc7 Kg6 52. Kd4 g4 53. Rc6+ Kh5 54. Ne4 Rb4+ 55. Ke3 Bb7 56. Nf6+ Kh4 57. Rc5 Kh3 58. Rh5+ Kg2 59. Rxh7 Bc8 60. Rc7 Ba6 61. Rg7 Kh3 62. Rxg4 Rb5 63. Ra4 Kxh2 64. Ne4 Kh3 65. Kd4 Bb7 66. Nc3 Rb2 67. Ra2 Rb3 68. Kc4 1-0

[Event "78.Santo Camp. Veneto Quarti di Finale"]
[Site "Padova ITA"]
[Date "2019.02.17"]
[Round "5.16"]
[White "Lezzerini, Marco"]
[Black "Ghiotto, Marco Luigi"]
[Result "0-1"]
[WhiteElo "2133"]
[BlackElo "1917"]
[Annotator "Gabriele Ballarin"]
[PlyCount "112"]
[EventDate "2019.02.15"]
[EventType "swiss"]
[EventRounds "5"]
[EventCountry "ITA"]

1. d4 e6 2. c4 Nf6 3. Nc3 Bb4 4. e3 c5 5. Nge2 d5 6. a3 Bxc3+ 7. Nxc3 cxd4 8. exd4 Nc6 9. Be3 O-O 10. Bd3 b6 11. cxd5 Nxd5 12. O-O Bb7 13. Qc2 h6 14. Qe2 Nf6 15. Rad1 Ne7 16. Bb1 Rc8 17. Qd3 Qc7 18. Bc1 Rfd8 19. Qh3 Ned5 20. Ne2 Ba6 21. Bd3 Bxd3 22. Rxd3 Qc2 23. Nc3 Kh7 24. Bd2 Qxb2 25. Rb1 Qc2 26. Rc1 Qb3 27. g4 Nxc3 28. Bxc3 Ne4 29. Qf3 Nxc3 30. Rcxc3 Rxc3 31. Rxc3 Qb1+ 32. Kg2 Rxd4 33. Qxf7 Rxg4+ 34. Rg3 Qe4+ 35. Kg1 Rxg3+ 36. hxg3 a5 37. Qc7 Qb1+ 38. Kg2 Qb3 39. Kh2 Qb5 40. Qc2+ Qf5 41. Qd2 b5 42. Kg1 b4 43. Qb2 Qe4 44. axb4 axb4 45. Qb3 e5 46. Qb2 Qd4 47. Qc2+ e4 48. Qc8 Qd1+ 49. Kh2 Qd5 50. Qc2 b3 51. Qb2 Qh5+ 52. Kg2 Qf3+ 53. Kh2 Qd3 54. Qe5 e3 55. fxe3 Qc2+ 56. Kh3 b2 0-1

[Event "78.Santo Camp. Veneto Quarti di Finale"]
[Site "Padova ITA"]
[Date "2019.02.17"]
[Round "5.17"]
[White "Stiz, Massimiliano"]
[Black "Cappelletto, Joshuaede"]
[Result "1-0"]
[WhiteElo "2055"]
[BlackElo "2105"]
[Annotator "Gabriele Ballarin"]
[PlyCount "27"]
[EventDate "2019.02.15"]
[EventType "swiss"]
[EventRounds "5"]
[EventCountry "ITA"]

1. b3 e5 2. Bb2 d6 3. e3 Nc6 4. Nf3 Nf6 5. c4 g6 6. d3 Bg7 7. Be2 O-O 8. a3 a5 9. O-O Ne8 10. Nc3 f5 11. d4 e4 12. Nd2 Qg5 13. Nd5 Ne7 14. f4 1-0

[Event "78.Santo Camp. Veneto Quarti di Finale"]
[Site "Padova ITA"]
[Date "2019.02.17"]
[Round "5.18"]
[White "Piccinno, Matteo"]
[Black "Grandesso, Emanuele"]
[Result "1/2-1/2"]
[WhiteElo "2001"]
[BlackElo "2076"]
[Annotator "Gabriele Ballarin"]
[PlyCount "109"]
[EventDate "2019.02.15"]
[EventType "swiss"]
[EventRounds "5"]
[EventCountry "ITA"]

1. d4 d5 2. c4 dxc4 3. Nf3 Nf6 4. g3 e6 5. Bg2 c5 6. Qa4+ Nbd7 7. dxc5 Bxc5 8. Qxc4 a6 9. b4 Be7 10. O-O Nb6 11. Qb3 Qd5 12. Qxd5 Nbxd5 13. a3 b5 14. Bb2 Bb7 15. Nbd2 O-O 16. Nb3 Nb6 17. Bd4 Nc4 18. Bc5 Bxc5 19. Nxc5 Bd5 20. Nd4 Bxg2 21. Kxg2 Rfd8 22. e3 Nd5 23. Rfc1 e5 24. Ndb3 g6 25. Kg1 Ndb6 26. Ne4 h6 27. Nbc5 Kg7 28. Nc3 Rd2 29. a4 bxa4 30. N3xa4 Nxa4 31. Rxa4 Nb6 32. Rxa6 Rxa6 33. Nxa6 Rb2 34. Rc5 e4 35. Re5 f5 36. Rc5 h5 37. h4 Kh6 38. b5 Nd7 39. Rd5 Nb6 40. Re5 Nc4 41. Rc5 Nd2 42. Rc1 Rxb5 43. Nc7 Nf3+ 44. Kg2 Rb2 45. Nd5 Rb7 46. Rc6 Rd7 47. Nf6 Rd1 48. Rc7 Rg1+ 49. Kh3 g5 50. hxg5+ Nxg5+ 51. Kh2 Nf3+ 52. Kh3 Kg6 53. Rc6 Rh1+ 54. Kg2 Rg1+ 55. Kh3 1/2-1/2

[Event "78.Santo Camp. Veneto Quarti di Finale"]
[Site "Padova ITA"]
[Date "2019.02.17"]
[Round "5.19"]
[White "Dionigi, Riccardo"]
[Black "Gola, Giorgio"]
[Result "1-0"]
[WhiteElo "2063"]
[BlackElo "1701"]
[Annotator "Gabriele Ballarin"]
[PlyCount "79"]
[EventDate "2019.02.15"]
[EventType "swiss"]
[EventRounds "5"]
[EventCountry "ITA"]

1. d4 d5 2. Nf3 Nf6 3. e3 e6 4. Bd3 c5 5. b3 Nc6 6. O-O Bd6 7. Bb2 O-O 8. a3 b6 9. Nbd2 Bb7 10. Ne5 Qc7 11. f4 Ne7 12. c4 Nf5 13. Qe2 Be7 14. cxd5 cxd4 15. e4 Nd6 16. Rac1 Qb8 17. Nc6 Bxc6 18. dxc6 Nde8 19. Nf3 Nc7 20. Nxd4 Rd8 21. Nb5 Bc5+ 22. Kh1 Nfe8 23. b4 Bf8 24. f5 exf5 25. Rxf5 Nxb5 26. Bxb5 g6 27. Rf3 Bg7 28. Bc4 Qc7 29. Rxf7 Qxf7 30. Rf1 Nd6 31. Bxf7+ Nxf7 32. Bxg7 Kxg7 33. Qb2+ Kg8 34. Qb3 Rf8 35. h3 Rac8 36. e5 Kg7 37. e6 Nd6 38. Qc3+ Kh6 39. Rxf8 Rxf8 40. Qd2+ 1-0

[Event "78.Santo Camp. Veneto Quarti di Finale"]
[Site "Padova ITA"]
[Date "2019.02.17"]
[Round "5.20"]
[White "Fregonese, Giulio"]
[Black "Bordin, Silvia"]
[Result "1-0"]
[WhiteElo "2095"]
[BlackElo "1858"]
[Annotator "Gabriele Ballarin"]
[PlyCount "109"]
[EventDate "2019.02.15"]
[EventType "swiss"]
[EventRounds "5"]
[EventCountry "ITA"]

1. e4 e5 2. Bc4 Nc6 3. Nf3 Bc5 4. c3 Nf6 5. d3 d6 6. Bb3 Bb6 7. h3 h6 8. Nbd2 a6 9. Nc4 Ba7 10. Ne3 O-O 11. g4 Nh7 12. Nf5 Ne7 13. N3h4 Kh8 14. Ng2 Be6 15. h4 Bxb3 16. Qxb3 b5 17. Nge3 c6 18. Qd1 Kg8 19. Qf3 f6 20. Bd2 a5 21. Nf1 Nxf5 22. gxf5 Kh8 23. Ng3 Rf7 24. Rg1 d5 25. Ne2 Qd7 26. Rd1 Bb6 27. Be3 Bxe3 28. Qxe3 Rd8 29. f4 dxe4 30. fxe5 fxe5 31. Qxe4 Qxf5 32. Qxc6 Rxd3 33. Rxd3 Qxd3 34. Qe8+ Rf8 35. Qxe5 Qd8 36. Qd4 Qe7 37. Rg2 Rd8 38. Rxg7 Rxd4 39. Rxe7 Rxh4 40. Re5 b4 41. Rxa5 bxc3 42. Nxc3 Kg7 43. Rb5 Ng5 44. a4 Ne4 45. Nd5 Kf7 46. Rb6 Rh1+ 47. Ke2 Ra1 48. b3 Nc5 49. Nc3 Ke7 50. Kd2 h5 51. Kc2 h4 52. Rh6 Rh1 53. Nd5+ Kd7 54. Nf4 Kc8 55. Rc6+ 1-0

[Event "78.Santo Camp. Veneto Quarti di Finale"]
[Site "Padova ITA"]
[Date "2019.02.17"]
[Round "5.21"]
[White "Marasà, Giuseppe"]
[Black "Ballotti, Luca"]
[Result "1/2-1/2"]
[WhiteElo "1975"]
[BlackElo "2061"]
[Annotator "Gabriele Ballarin"]
[PlyCount "122"]
[EventDate "2019.02.15"]
[EventType "swiss"]
[EventRounds "5"]
[EventCountry "ITA"]

1. c4 e5 2. Nc3 Nf6 3. Nf3 Nc6 4. d3 d5 5. cxd5 Nxd5 6. g3 Be7 7. Bg2 Nb6 8. O-O O-O 9. b3 f5 10. Bb2 Bf6 11. Rc1 Be6 12. Nb5 a6 13. Na3 Re8 14. Nd2 Bd5 15. Nac4 Bxg2 16. Kxg2 Nd5 17. Ne3 g6 18. Ndc4 b5 19. Nd2 Nd4 20. Kg1 Rc8 21. Nxd5 Qxd5 22. e4 Qd7 23. Bxd4 Qxd4 24. Rc6 Bg7 25. Nf3 Qd7 26. Qc2 Red8 27. Ne1 f4 28. Kg2 Rf8 29. Nf3 Rf7 30. Ne1 Rcf8 31. Rxa6 f3+ 32. Kh1 Bh6 33. Qc6 Qh3 34. Kg1 Bd2 35. Qe6 Qxe6 36. Rxe6 Bc3 37. Nc2 Ra8 38. a3 Rd8 39. Rd1 Rfd7 40. Ne3 Rxd3 41. Rxd3 Rxd3 42. Rf6 Bd4 43. b4 Bxe3 44. fxe3 Rxe3 45. Kf2 Rxa3 46. Rc6 Rb3 47. Rxc7 Rxb4 48. Kxf3 Rb3+ 49. Kg4 b4 50. Rb7 Rb2 51. Kg5 Rxh2 52. Kf6 Rf2+ 53. Kxe5 Rf3 54. g4 b3 55. g5 Rg3 56. Kf6 Rf3+ 57. Ke6 Rg3 58. Rb8+ Kg7 59. Rb7+ Kg8 60. Rb8+ Kg7 61. Rb7+ Kg8 1/2-1/2

[Event "78.Santo Camp. Veneto Quarti di Finale"]
[Site "Padova ITA"]
[Date "2019.02.17"]
[Round "5.22"]
[White "Pecci, William"]
[Black "Ongarelli, Marco"]
[Result "1/2-1/2"]
[WhiteElo "1918"]
[BlackElo "2021"]
[Annotator "Gabriele Ballarin"]
[PlyCount "59"]
[EventDate "2019.02.15"]
[EventType "swiss"]
[EventRounds "5"]
[EventCountry "ITA"]

1. e4 d5 2. exd5 Qxd5 3. Nc3 Qa5 4. d4 Nf6 5. Nf3 c6 6. Ne5 Be6 7. Bc4 Bxc4 8. Nxc4 Qd8 9. O-O e6 10. Bf4 Be7 11. Re1 O-O 12. Qd3 Na6 13. a3 Nc7 14. Re3 Ncd5 15. Nxd5 Qxd5 16. Rh3 Qe4 17. Qxe4 Nxe4 18. Re1 Nf6 19. Na5 Rfd8 20. Be5 Rd7 21. Rb3 Ng4 22. c3 Nxe5 23. Rxe5 c5 24. Re4 cxd4 25. Rxd4 Rxd4 26. cxd4 b6 27. Nc6 Bf6 28. g3 Kf8 29. Kg2 Ke8 30. Kf3 {=} 1/2-1/2

[Event "78.Santo Camp. Veneto Quarti di Finale"]
[Site "Padova ITA"]
[Date "2019.02.17"]
[Round "5.23"]
[White "Giordani, Luca"]
[Black "Tramalloni, Luca"]
[Result "0-1"]
[WhiteElo "1847"]
[BlackElo "2018"]
[Annotator "Gabriele Ballarin"]
[PlyCount "168"]
[EventDate "2019.02.15"]
[EventType "swiss"]
[EventRounds "5"]
[EventCountry "ITA"]

1. e4 c5 2. Nc3 Nc6 3. d3 g6 4. Be3 d6 5. g3 Bg7 6. Bg2 e6 7. Qd2 Rb8 8. Nge2 Nd4 9. O-O b5 10. Nc1 Ne7 11. Nd1 b4 12. c3 bxc3 13. bxc3 Ndc6 14. Bh6 O-O 15. Bxg7 Kxg7 16. Ne3 f6 17. Ne2 Ba6 18. Nf4 Bc8 19. h4 e5 20. Nfd5 Nxd5 21. Nxd5 Be6 22. Ne3 Ne7 23. d4 Qc7 24. d5 {=} Bd7 25. f4 Bb5 26. c4 Bd7 27. fxe5 fxe5 28. Kh2 Ng8 29. Bh3 Bxh3 30. Kxh3 Nf6 31. Qc2 Qd7+ 32. Kh2 Ng4+ 33. Nxg4 Qxg4 34. Qg2 Qd7 35. Rab1 Rxb1 36. Rxb1 Rf7 37. Rf1 Rxf1 38. Qxf1 Qa4 39. Qe2 {=} a5 40. Kg2 Qa3 41. Kf2 a4 42. Kg2 Qc1 43. Kf2 a3 44. Kg2 Qb2 45. Kf1 h5 46. Ke1 Qb1+ 47. Kf2 Qb2 48. Ke3 Qd4+ 49. Kf3 Qc3+ 50. Kf2 Qb2 51. Ke3 {=} Kf7 52. Kd3 Qd4+ 53. Kc2 Qb2+ 54. Kd3 Qb1+ 55. Qc2 Qf1+ 56. Qe2 Qg1 57. Qf3+ Ke7 58. Qe3 Qb1+ 59. Kc3 Qxa2 60. Qh6 Qb2+ 61. Kd3 Qb1+ 62. Kc3 Qb2+ 63. Kd3 Qd4+ 64. Kc2 Qxc4+ 65. Kb1 Qxe4+ 66. Ka2 Qxd5+ 67. Kxa3 Qd3+ 68. Ka4 Qxg3 69. Qg7+ Ke6 70. Qg8+ Kf5 71. Qc8+ Ke4 72. Qb7+ Ke3 73. Qb3+ Kf2 74. Qc2+ Kg1 75. Qd1+ Kh2 76. Qd2+ Kh3 77. Qxd6 Qxh4+ 78. Kb3 Qb4+ 79. Kc2 Qc4+ 80. Kb1 Qe4+ 81. Ka2 c4 82. Qe6+ Kg3 83. Qb6 Qc2+ 84. Ka1 Qc3+ 0-1

[Event "78.Santo Camp. Veneto Quarti di Finale"]
[Site "Padova ITA"]
[Date "2019.02.17"]
[Round "5.24"]
[White "Ottaviani, Gianluca"]
[Black "Pozzari, Simone"]
[Result "0-1"]
[WhiteElo "1906"]
[BlackElo "2017"]
[Annotator "Gabriele Ballarin"]
[PlyCount "84"]
[EventDate "2019.02.15"]
[EventType "swiss"]
[EventRounds "5"]
[EventCountry "ITA"]

1. Nf3 Nf6 2. c4 g6 3. Nc3 Bg7 4. e4 d6 5. d4 O-O 6. Be2 e5 7. d5 a5 8. Bg5 Na6 9. O-O h6 10. Be3 b6 11. Ne1 Nc5 12. f3 Nh5 13. Nd3 Nxd3 14. Bxd3 g5 15. Rb1 Nf4 16. g3 Nxd3 17. Qxd3 Bh3 18. Rf2 f5 19. exf5 Bxf5 20. Ne4 Qe8 21. g4 Bh7 22. Qd2 Rxf3 23. Rxf3 Bxe4 24. Rff1 Bxb1 25. Rxb1 Qg6 26. Rf1 Qe4 27. Qe2 Rf8 28. Rxf8+ Bxf8 29. b3 Bg7 30. h3 Qb1+ 31. Kg2 e4 32. Qf2 Qb2 33. Qxb2 Bxb2 34. h4 gxh4 35. Bxh6 Bf6 36. Be3 Kg7 37. a3 Kg6 38. b4 axb4 39. axb4 Bg5 40. Bd4 Bd2 41. c5 bxc5 42. bxc5 h3+ 0-1

[Event "78.Santo Camp. Veneto Quarti di Finale"]
[Site "Padova ITA"]
[Date "2019.02.17"]
[Round "5.25"]
[White "Kacani, Kirk"]
[Black "Rosina, Graziano"]
[Result "1/2-1/2"]
[WhiteElo "2002"]
[BlackElo "1738"]
[Annotator "Gabriele Ballarin"]
[PlyCount "79"]
[EventDate "2019.02.15"]
[EventType "swiss"]
[EventRounds "5"]
[EventCountry "ITA"]

1. e4 e5 2. Nf3 Nf6 3. Nxe5 d6 4. Nf3 Nxe4 5. Nc3 Nxc3 6. dxc3 Be7 7. Bd3 Nc6 8. O-O O-O 9. h3 Ne5 10. Nxe5 dxe5 11. Qh5 f5 12. Bc4+ Kh8 13. Rd1 Qe8 14. Qe2 Bd6 15. Re1 Qg6 16. Bd2 f4 17. Bd3 Bf5 18. Qf3 c6 19. Rad1 Bc7 20. c4 Rae8 21. Bxf5 Qxf5 22. Re4 Rd8 23. Bb4 Rxd1+ 24. Qxd1 Qxe4 25. Bxf8 Qf5 26. Bd6 Qd7 27. c5 Kg8 28. Qh5 Bxd6 29. cxd6 Qxd6 30. Qe8+ Qf8 31. Qxe5 h6 32. Qc7 Qb4 33. Qb8+ Kh7 34. Qxa7 Qxb2 35. Qa4 Qe5 36. Qa7 b5 37. Qd7 Qe1+ 38. Kh2 Qxf2 39. Qf5+ Kg8 40. Qc8+ 1/2-1/2

[Event "78.Santo Camp. Veneto Quarti di Finale"]
[Site "Padova ITA"]
[Date "2019.02.17"]
[Round "5.27"]
[White "Garbezza, Davide"]
[Black "De Marzi, Davide"]
[Result "0-1"]
[WhiteElo "1885"]
[BlackElo "1704"]
[Annotator "Gabriele Ballarin"]
[PlyCount "112"]
[EventDate "2019.02.15"]
[EventType "swiss"]
[EventRounds "5"]
[EventCountry "ITA"]

1. d4 Nf6 2. c4 g6 3. Nc3 Bg7 4. e4 d6 5. Nf3 O-O 6. Be2 e5 7. O-O Nbd7 8. d5 Nc5 9. Nd2 a5 10. b3 c6 11. Bb2 Ne8 12. Qc2 f5 13. f3 f4 14. a3 Qh4 15. b4 Nd7 16. dxc6 bxc6 17. b5 cxb5 18. cxb5 Nb6 19. Nc4 Qd8 20. Rfd1 Be6 21. Nxb6 Qxb6+ 22. Kf1 Rc8 23. Qd2 Bb3 24. Rdc1 a4 25. Nd5 Rxc1+ 26. Rxc1 Qb7 27. b6 Rf7 28. Bc4 Bxc4+ 29. Rxc4 Nf6 30. Nxf6+ Bxf6 31. Qxd6 Qa6 32. Qe6 Qb5 33. Bc3 Kg7 34. Kf2 Rb7 35. Rc6 Rf7 36. Qc8 Qd3 37. Rc7 Qe3+ 38. Kf1 Qd3+ 39. Kg1 Qd1+ 40. Kf2 Bh4+ 41. g3 fxg3+ 42. hxg3 Qxf3+ 43. Ke1 Bxg3+ 44. Kd2 Bf4+ 45. Kc2 Qe2+ 46. Kb1 Qd1+ 47. Ka2 Qb3+ 48. Ka1 Qxa3+ 49. Kb1 Qc1+ 50. Ka2 Qc2+ 51. Bb2 Qb3+ 52. Kb1 Qxb6 53. Rxf7+ Kxf7 54. Qd7+ Kf6 55. Qxa4 Be3 56. Ka2 Qa7 0-1